000 00594nam a2200229Ia 4500
003 OSt
005 20220928102427.0
006 a|||||r|||| 00| 0
007 ta
008 220927b |||||||| |||| 00| 0 eng d
024 _a36064
037 _cTextual
040 _aSDCL
_cSDCL
_beng
041 _2eng
_aeng
082 _aO152:g(Y), M2
100 _aNagendra
_9391673
245 0 _aSahitya ka samajshastra.
260 _aNew Delhi
_bNational Publishing House
_c1982
300 _a159p.
_ccm.
942 _hO152:g(Y), M2
_cTEXL
_2CC
999 _c714076
_d714076